[Event "Let's Play Chess!"]
[Site "http://www.queenalice.com/game.php?id=561454"]
[Date "2009.3.25"]
[Round "-"]
[White "JudexErgoCumSedebit"]
[Black "guidzidlo"]
[Result "0-1"]
[WhiteElo "1462"]
[BlackElo "1646"]

1. e4 e5 2. Bc4 Nf6 3. Nc3 Bb4 4. Qf3 O-O 5. Nd5 Nxd5 6. exd5 d6 7. Qg3 Nd7 8.
a3 c6 9. axb4 Nf6 10. d3 cxd5 11. Bh6 Ng4 12. Bxd5 Nxh6 13. Nf3 g6 14. Ng5 Qc7
15. Qf3 Bf5 16. c4 Rab8 17. O-O Kg7 18. Rxa7 Qb6 19. Ra5 Qxb4 20. Rb5 Qd2 21.
Ne4 Bxe4 22. Qxe4 Qg5 23. Bxb7 Nf5 24. Qc6 Nd4 25. Rxe5 Qxe5 26. Qd7 Ne2+ 27.
Kh1 Qxb2 28. Bf3 Nd4 29. Bd1 Qb1 30. Qxd6 Ne2 31. Qe5+ Kg8 32. Qxe2 Qb7 33. d4
Rfe8 34. Qd3 Qb4 35. h3 Rbc8 36. Bb3 Kg7 37. Rb1 Qd6 38. c5 Qf4 39. Rf1 Re4 40.
d5 Rxc5 41. d6 Rd4 42. Qa6 Rxd6 43. Qb7 Rf5 44. f3 Rff6 45. Bd1 Rb6 46. Qd5 Rf5
47. Qa2 Qb4 48. Qf2 Rd5 49. g4 Rd2 50. Qg1 Kf6 51. g5+ Kf5 52. f4 Qe4+ 53. Bf3
Qc2 54. Bg2 Rbd6 55. Kh2 Re2 56. Kg3 Rd3+ 57. Kh2 Rdd2 58. Kg3 Rxg2+ 59. Qxg2
Rxg2+ 60. Kf3 Qe2# 0-1

[Event "AUTO-OPEN-1489"]
[Site "http://www.queenalice.com/game.php?id=561717"]
[Date "2009.3.25"]
[Round "1"]
[White "Poirot"]
[Black "JudexErgoCumSedebit"]
[Result "1-0"]
[WhiteElo "1832"]
[BlackElo "1500"]

1. e4 e5 2. Nf3 Nc6 3. Bb5 Qf6 4. c3 Be7 5. d4 exd4 6. cxd4 Bb4+ 7. Nc3 d6 8.
O-O Bd7 9. Bg5 Qg6 10. Nd5 Rc8 11. Nxb4 Nxb4 12. Bxd7+ Kxd7 13. Qa4+ Nc6 14. d5
f6 15. Be3 b6 16. Qxc6+ Kd8 17. Qb7 a5 18. Rac1 Qxe4 19. Rfe1 Qf5 20. Nd4 Qd7
21. Nc6+ Ke8 22. Bxb6+ Ne7 23. Rxe7+ Qxe7 24. Nxe7 Kxe7 25. Rxc7+ 1-0

[Event "AUTO-OPEN-1489"]
[Site "http://www.queenalice.com/game.php?id=561718"]
[Date "2009.3.25"]
[Round "1"]
[White "JudexErgoCumSedebit"]
[Black "Poirot"]
[Result "0-1"]
[WhiteElo "1380"]
[BlackElo "1798"]

1. e4 e5 2. Bc4 Nf6 3. Nc3 Nxe4 4. Qf3 Nf6 5. Ne4 Be7 6. Nxf6+ Bxf6 7. Qh5 O-O
8. d3 d5 9. Bb3 Nc6 10. Ne2 g6 11. Qf3 e4 12. dxe4 dxe4 13. Qxe4 Nd4 14. Be3
Nxb3 15. axb3 Bxb2 16. Rb1 Bg7 17. O-O c6 18. Rbd1 Bd7 19. c4 Re8 20. Qf3 Qc8
21. b4 h5 22. Nf4 Bg4 23. Qg3 Bxd1 24. Rxd1 Rd8 25. Rf1 b6 26. Ne2 a5 27. b5 a4
28. Bxb6 Rd2 29. Qe3 Rc2 30. Rd1 Qf8 31. Bc5 Qc8 32. Rb1 a3 33. Nd4 Rxc4 34.
Nxc6 Qe8 35. Be7 a2 36. Rd1 a1=Q 0-1

[Event "Challenge"]
[Site "http://www.queenalice.com/game.php?id=562318"]
[Date "2009.3.27"]
[Round "-"]
[White "flanny"]
[Black "JudexErgoCumSedebit"]
[Result "1-0"]
[WhiteElo "1487"]
[BlackElo "1477"]

1. e3 e5 2. g3 e4 3. Nc3 d5 4. d3 Qe7 5. dxe4 dxe4 6. Nd5 Qc5 7. b4 Qd6 8. Qd4
Bd7 9. Qxe4+ Be7 10. Bg2 Nf6 11. Nxf6+ Qxf6 12. Qxb7 Qxa1 13. Kd1 Bc6 14. Bxc6+
Kd8 15. Qxa8 Kc8 16. Qb7+ Kd8 17. Qxb8# 1-0

[Event "PUTZ"]
[Site "http://www.queenalice.com/game.php?id=562322"]
[Date "2009.3.27"]
[Round "-"]
[White "perucona"]
[Black "JudexErgoCumSedebit"]
[Result "0-1"]
[WhiteElo "1496"]
[BlackElo "1462"]

1. e4 e5 2. d4 d5 3. dxe5 Be6 4. exd5 Bxd5 5. Nc3 c6 6. Nf3 Bc5 7. Nxd5 cxd5 8.
Be3 Qb6 9. Bxc5 Qxc5 10. Nd2 Nc6 11. Nb3 Qe7 12. Bb5 Qb4+ 13. c3 Qe4+ 14. Qe2
Qxg2 15. Rf1 Qxh2 16. O-O-O Qf4+ 17. Qd2 Qh4 18. Rfe1 Ne7 19. Bxc6+ bxc6 20. Nd4
O-O-O 21. Qe2 c5 22. Nb3 Qa4 23. Qg4+ Qxg4 24. f3 Qxf3 25. Nd2 Qf4 26. Rf1 Qxe5
27. Rfe1 Qd6 28. c4 d4 29. Nb3 Qa6 30. Nxc5 Qxc4+ 31. Kd2 d3 32. Rc1 Qb4+ 33.
Ke3 Nf5+ 34. Kf3 d2 35. Rcd1 dxe1=Q 36. Rxe1 Qxe1 37. Kg4 Ne3+ 38. Kf4 Ng2+ 39.
Kg4 Qh4+ 40. Kf3 Ne1+ 41. Ke3 Rde8+ 42. Kd2 Rd8+ 43. Nd3 Rxd3+ 44. Ke2 Re8+ 45.
Kf1 Qh1+ 46. Kf2 Rf3# 0-1

[Event "Challenge"]
[Site "http://www.queenalice.com/game.php?id=590655"]
[Date "2009.5.19"]
[Round "-"]
[White "flanny"]
[Black "JudexErgoCumSedebit"]
[Result "1-0"]
[WhiteElo "1503"]
[BlackElo "1513"]

1. e4 e5 2. g3 Bc5 3. Nf3 Nc6 4. Nc3 Nf6 5. Bc4 d6 6. O-O Bh3 7. d3 Bxf1 8. Qxf1
Nb4 9. Qe2 Ng4 10. Be3 h6 11. h3 Nxe3 12. fxe3 Qf6 13. Rf1 Qg6 14. Kg2 O-O-O 15.
Nh4 Qg5 16. Nd5 Rd7 17. Rf5 Qd8 18. Qg4 Nxc2 19. Rxf7 Nxe3+ 20. Nxe3 Bxe3 21.
Be6 h5 22. Bxd7+ Kb8 23. Qf5 a5 24. Ng6 Rg8 25. Bb5 c6 26. Bc4 b5 27. Ne7 Re8
28. Nxc6+ 1-0

[Event "Challenge"]
[Site "http://www.queenalice.com/game.php?id=596296"]
[Date "2009.5.31"]
[Round "-"]
[White "JudexErgoCumSedebit"]
[Black "benjobench"]
[Result "0-1"]
[WhiteElo "1510"]
[BlackElo "1895"]

1. e4 c6 2. Bc4 d5 3. exd5 cxd5 4. Bb5+ Bd7 5. Bxd7+ Qxd7 6. d4 Nf6 7. Nc3 e6 8.
Bg5 Be7 9. Nf3 Nc6 10. O-O a6 11. Ne5 Qc7 12. a3 Nxe5 13. dxe5 Qxe5 14. Bxf6
Qxf6 15. b4 Qxc3 16. Qg4 O-O 17. Rfc1 Bf6 18. Qd1 Rfc8 19. a4 Qxb4 20. Ra2 h6
21. Qf3 Rc3 22. Qd1 Rac8 23. h3 Bg5 24. Rb1 Qc4 25. Rxb7 Qxa2 26. Qh5 Qa1+ 27.
Kh2 Bf4+ 28. g3 g6 29. Qg4 Rxg3 30. Qe2 Qg1# 0-1

[Event "Let's Play Chess!"]
[Site "http://www.queenalice.com/game.php?id=612804"]
[Date "2009.7.3"]
[Round "-"]
[White "JudexErgoCumSedebit"]
[Black "francky78"]
[Result "0-1"]
[WhiteElo "1445"]
[BlackElo "1561"]

1. e4 c5 2. Bc4 e6 3. e5 d5 4. exd6 Bxd6 5. Qg4 Qf6 6. Nc3 Nh6 7. Qh3 a6 8. Qd3
Bc7 9. Ne4 Qe5 10. Ne2 O-O 11. Qe3 Bb6 12. f4 Qc7 13. Qg3 Nf5 14. Nf6+ Kh8 15.
Qg5 g6 16. Ng3 Nd7 17. Nxf5 exf5 18. Qh6 Nxf6 19. Qxf8+ Ng8 20. Bxf7 Qd8 21.
Qxd8 Bxd8 22. O-O Bd7 23. b3 Kg7 24. Bc4 Bf6 25. c3 Ne7 26. d3 Bc6 27. Ba3 Bxc3
28. Rac1 Bd4+ 29. Kh1 Rd8 30. Bxc5 Bxc5 0-1

[Event "Let's Play Chess!"]
[Site "http://www.queenalice.com/game.php?id=612904"]
[Date "2009.7.3"]
[Round "-"]
[White "JudexErgoCumSedebit"]
[Black "Svolo"]
[Result "0-1"]
[WhiteElo "1449"]
[BlackElo "1769"]

1. e4 e6 2. e5 b6 3. Nf3 Bb7 4. d4 h6 5. Bf4 Ne7 6. Bb5 c6 7. Bd3 Nd5 8. Qd2 g5
9. Bg3 Na6 10. Nc3 Nxc3 11. Qxc3 Bb4 12. Qxb4 Nxb4 13. O-O Nxd3 14. cxd3 h5 15.
h3 Qe7 16. h4 gxh4 17. Bxh4 Qb4 18. Rab1 c5 19. dxc5 Bxf3 20. gxf3 Qxh4 0-1

[Event "Let's Play Chess!"]
[Site "http://www.queenalice.com/game.php?id=612905"]
[Date "2009.7.3"]
[Round "-"]
[White "JudexErgoCumSedebit"]
[Black "gmsanti"]
[Result "0-1"]
[WhiteElo "1516"]
[BlackElo "2005"]

1. e4 c5 2. Bc4 d6 3. Qf3 e6 4. Nc3 Nf6 5. d3 Nc6 6. Be3 Be7 7. O-O-O a6 8. Bb3
b5 9. e5 Nxe5 10. Qxa8 O-O 11. Qa7 Nc6 12. Qa8 Qc7 13. Nxb5 axb5 14. Qa3 Bb7 15.
Nf3 Ra8 16. Ba4 Rxa4 17. Qb3 Qa5 18. a3 b4 19. Bd2 Qa7 20. Rhf1 bxa3 21. Qa2
axb2+ 22. Qxb2 Ra1+ 23. Qb1 Qa3# 0-1

[Event "Let's Play Chess!"]
[Site "http://www.queenalice.com/game.php?id=612906"]
[Date "2009.7.3"]
[Round "-"]
[White "JudexErgoCumSedebit"]
[Black "iliov2008"]
[Result "0-1"]
[WhiteElo "1430"]
[BlackElo "1496"]

1. e4 e5 2. Bc4 c6 3. Qf3 f6 4. Qh5+ g6 5. Qf3 b5 6. Bb3 d6 7. d3 Bh6 8. Bxh6
Nxh6 9. Qe3 Ng4 10. Qf3 h5 11. Nd2 Na6 12. h3 Nh6 13. O-O-O Nb4 14. g4 hxg4 15.
Qg3 a5 16. a4 bxa4 17. Bxa4 Na2+ 18. Kb1 Nb4 19. c3 Na6 20. Bxc6+ Bd7 21. Bxa8
Qxa8 22. Nc4 d5 23. Nxa5 dxe4 24. Qg2 Nc5 25. Nc4 Nb3 26. Na3 gxh3 27. Qxg6+ Ke7
28. dxe4 Bc6 29. f3 Rg8 30. Qxh6 Bxe4+ 31. fxe4 Qxe4+ 0-1

[Event "Let's Play Chess!"]
[Site "http://www.queenalice.com/game.php?id=612907"]
[Date "2009.7.4"]
[Round "-"]
[White "JudexErgoCumSedebit"]
[Black "Strogonoff"]
[Result "0-1"]
[WhiteElo "1522"]
[BlackElo "1844"]

1. e4 e5 2. Bc4 Nf6 3. Nc3 Nc6 4. Nd5 Nxe4 5. Qf3 Nf6 6. d3 Nxd5 7. Bxd5 Qe7 8.
Nh3 Nd4 9. Qd1 c6 10. Bc4 d5 11. c3 dxc4 12. cxd4 exd4+ 13. Kf1 Bxh3 14. gxh3
cxd3 15. Qxd3 c5 16. Bd2 O-O-O 17. Rc1 Qe6 18. Bb4 Rd5 19. Qa3 Qb6 20. Rc4 Kb8
21. b3 cxb4 22. Rxb4 Bxb4 23. Qb2 Re8 24. Rg1 Re1+ 25. Kg2 Rg5+ 26. Kf3 Qf6# 0-1

[Event "Let's Play Chess!"]
[Site "http://www.queenalice.com/game.php?id=612908"]
[Date "2009.7.3"]
[Round "-"]
[White "JudexErgoCumSedebit"]
[Black "Panzer85"]
[Result "0-1"]
[WhiteElo "1482"]
[BlackElo "1559"]

1. e4 e5 2. Bc4 g6 3. Qf3 Nf6 4. Nc3 c6 5. d3 Bc5 6. Bh6 d6 7. Bg5 Nbd7 8. O-O-O
b5 9. Bb3 a5 10. Bxf6 Nxf6 11. Nh3 a4 12. Kb1 axb3 13. cxb3 b4 14. Na4 Ng4 15.
g3 h6 16. Qg2 O-O 17. Ka1 Be6 18. f3 Ne3 19. Qe2 Nxd1 20. Rxd1 Bxb3 21. axb3 d5
22. Rc1 Qd6 23. Kb1 Ra5 24. Nxc5 Rxc5 25. Rxc5 Qxc5 26. exd5 cxd5 27. Qxe5 Rc8
28. d4 Qc1+ 29. Ka2 Ra8# 0-1

[Event "Let's Play Chess!"]
[Site "http://www.queenalice.com/game.php?id=612910"]
[Date "2009.7.4"]
[Round "-"]
[White "JudexErgoCumSedebit"]
[Black "Admilton"]
[Result "0-1"]
[WhiteElo "1516"]
[BlackElo "1406"]

1. e4 d5 2. e5 Nc6 3. Nf3 g6 4. d4 Bf5 5. Bf4 Bg4 6. Be2 e6 7. Qd3 g5 8. Nxg5
Bf5 9. Qg3 Nxd4 10. Na3 Bg6 11. O-O-O Nxe2+ 12. Kb1 Nxg3 13. hxg3 Bh6 14. Nf3 c6
15. Bxh6 Nxh6 16. Rxh6 Qb6 17. Rd2 Qe3 18. Rh1 Be4 19. Re1 Qc5 20. g4 O-O-O 21.
g5 Qa5 22. Nd4 Qxd2 23. Rc1 Qxd4 24. f3 Bf5 25. g4 Bg6 26. Ka1 h6 27. gxh6 Rxh6
28. c3 Qd2 29. Rg1 Rh2 0-1

[Event "Let's Play Chess!"]
[Site "http://www.queenalice.com/game.php?id=612911"]
[Date "2009.7.3"]
[Round "-"]
[White "JudexErgoCumSedebit"]
[Black "Eddiemasses"]
[Result "1-0"]
[WhiteElo "1508"]
[BlackElo "1269"]

1. e4 e5 2. Bc4 Nf6 3. Nc3 Nc6 4. Nf3 Bc5 5. d3 d6 6. Nd5 O-O 7. Ng5 h6 8. Nh3
a6 9. a4 Bg4 10. Nxf6+ Qxf6 11. Qxg4 Nd4 12. O-O Nxc2 13. Rb1 Ne1 14. Rxe1 1-0